MDQL
is popping MORE tags! Check the
thread
!
Quizzes
Events
Quiz Creation
Community
Videos
Private Events
Remove Ads
Sign In
Join for FREE
Feedback
Dark Mode
Quiz Categories
Sports
Geography
Music
Movies
Television
Just For Fun
Miscellaneous
History
Literature
Language
Science
Gaming
Entertainment
Religion
Holiday
For Kids
Quiz Lab
Recent
Popular Today
Quiz Kudos Today
Editor Picks
Curator Picks
Quizzes by...
Day
Popularity
Type
Ratings
Length
Year
Community
Subscriptions
Recent Discussions
Orange Saloon
Badges
Playlists
Quests
Create
Leaderboards
Showdown
Live 5
Trivia Bingo
Activity
Puzzle Library
Sporcle Events
Private Events
Virtual Trivia
Globe League
Become a Host
Pub Owners
SporcleCon
Opinionation
Our Games
Videos
Blog
Mobile Apps
Partnerships
Remove Ads and Go Orange
Feedback
Television
TV Characters
TV Show
Sitcom
Network
Friends
Reality Shows
Cast
South Park
Star Trek
The Simpsons
Doctor Who
Television
TV Characters
TV Show
Sitcom
Network
Friends
Reality Shows
Cast
South Park
Star Trek
The Simpsons
Doctor Who
Random Quiz
Search Sporcle
×
Quiz Lab
Quiz Lab
Television
Lettering
Type in answers that appear in a list
Type in answers that appear in a list
Classic
Best Score? Go Orange.
ABC Family Greek Characters Stats
Can you name the ABC Family Greek Characters?
By
bknd9597
6m
14 Questions
666 Plays
666 Plays
666 Plays
Comments
Comments
Give Quiz Kudos
Give Quiz Kudos
-
- Ratings
hide this ad
Replay
Link that replays current quiz
Next Quiz
Link to next quiz in quiz playlist
You Got
0%
They Got
Avg Score
72%
Avg Friend Score
Upgrade to see
Score Distribution
Jump to the score distribution portion of the page
Score
0/14
Timer
06:00
0
Plays Today
Fraternity/Sorority
Character
% Correct
Zeta Beta Zeta
Casey Cartwright
97.1%
Kappa Tau Gamma
Cappie
94.1%
Omega Chi Delta
Evan Chambers
92.5%
Kappa Tau Gamma
Rusty Cartwright
92.5%
Zeta Beta Zeta/
Iota Kappa Iota
Rebecca Logan
87.5%
Zeta Beta Zeta/
Iota Kappa Iota
Frannie Morgan
81.8%
Non-
Greek
Dale Kettlewell
81.8%
Fraternity/Sorority
Character
% Correct
Zeta Beta Zeta
Ashleigh Howard
81.1%
Kappa Tau Gamma
The Beaver
80.5%
Omega Chi Delta
Calvin Owens
80%
Hasher
Fisher
44.3%
Zeta Beta Zeta
Jordan Reed
36.3%
Non-
Greek
Max Tyler
33.5%
Kappa Tau Gamma
Andy 'Andylicious'
30%
Quiz Playlist
Details
Report
Send in Message
Add To Playlist
Classic:
Type in answers that appear in a list
Quiz Source
Last Updated: Feb 12, 2019
Quiz Scoreboard
CHALLENGE
Sign Up to Join the Scoreboard
Show All
Scores
Hide
Comments
May contain spoilers
Recently Published
Image Sorting: Flags VI
by Barbecue
Geography
2m
Find the 'City' Movie
by crazypaving
Movies
60s
Colored Red Africa Blitz
by spor1
Geography
45s
More to Explore
Quiz From the Vault
Featured Blog Post
14 Easter Pick-up Lines to Find Eggs With
hide this ad
You Might Also Like...
Tags
ABC
ABC Family
Character
Family
Fraternity
Greek
Lettering
Sorority
Today's Top Quizzes in Television
Browse Television
hide this ad
Today's Top Quizzes in Lettering
Browse Lettering
Top Contributed Quizzes in Television
1
Survivor Journey Challenge
2
Brooklyn Nine Nine Logic Puzzle (How-To-Play)
3
Total Drama Characters
4
Phoebe Buffay Quotes
5
Survivor Heroes vs. Villains Logic Puzzle
6
Adjectives in 00s TV Shows
7
Survivor Trivia
8
Game of Thrones: Tywin Lannister Start to Finish
9
Emmerdale Characters (from August 2012)
10
Survivor Logic Puzzle: Heroes vs. Villains
Explore More
Trending Topics
Anime
NBA
Disney
Crossword
Harry Potter
Kpop
Marvel
The Office
Song
Country
Pokémon
WWE
NFL
Puzzle
Soccer
hide this ad
More By:
bknd9597
Quiz
Plays
Rating
Category
Featured
Created
Spacebar Challenge
674,461
3.26
Just For Fun
Oct 17, 2009
College Football's All Time Team
923
5.00
Sports
Dec 24, 2009
NFL Hall of Famers from Notre Dame
869
3.40
Sports
Nov 13, 2009
College Football Quiz: Notre Dame
793
2.25
Just For Fun
Apr 8, 2010
ABC Family Greek Characters
666
Television
Apr 14, 2010
Go to Creator's Profile
Score Distribution
Quiz Creator Spotlight
bknd9597
Follow
Send a Message
Quizzes Created
-
Created Quiz Play Count
-
More By This Creator
Popular Quizzes Today
1
Colored Red Africa Blitz
2
Find the US States - No Outlines Minefield
3
Find the 'City' Movie
4
5x2 Blitz: Bands
5
The Countries of the World
6
Find the US States
7
Find the Countries of Europe - No Outlines Minefield
8
US States
More Television Quizzes
Ranczo - quiz ogólny cz.3
Quiz Lab
Trending Quizzes
Colored Red Europe Blitz I
Colored Red Europe Blitz II
Colored Red Africa Blitz II
Colored Red Europe Blitz III
Colored Red Africa Blitz III
Recently Updated
How Do You Spell That?
pecheneg
Godzilla Movies
pecheneg
Grab Bag: 4-10 Letters
pecheneg
2024 March Madness Bracket
pecheneg
Famous TV Couples
Peacemaker
Champions League XIs: Real Madrid
pecheneg
Largest US Cities 1790-2010
pecheneg
Rides in Walt Disney World
pecheneg
Most Oscar Losses (Acting)
pecheneg
Beyoncé Albums
pecheneg
Trending Topics
Anime
Kpop
Crossword
Marvel
NBA
Harry Potter
Disney
The Office
Soccer
Country
WWE
Puzzle
NFL
Pokémon
Song
Your Account Isn't Verified!
In order to create a playlist on Sporcle, you need to verify the email address you used during registration. Go to your
Sporcle Settings
to finish the process.
Report this User
Report this user for behavior that violates our
Community Guidelines
.
Details:
Send Report
Go to the Sporcle.com Mobile Site →
Comments